• 首页
  • 本馆介绍
  • 公告通知
  • 最新文献
  • 馆藏检索
  • 电子资源
  • 读者导购
  • 参考咨询
  • 我的图书馆
  • 登录
  • 详细信息显示
  • 放入我的书架
  • 预约/预借图书
  • 作者相关作品
  • 分类相关作品
  • 丛书相关作品
  • 出版社相关作品

书目信息

  • 表格格式
  • 工作单格式
  • 卡片格式
题名:
幼儿园游戏教程
    
 
作者: 张惜萍 , 梅花 主编
分册:  
出版信息: 北京   中国传媒大学出版社  2018
页数: 294页
开本: 26cm
丛书名:
单 册:
中图分类: G613.7
科图分类:
主题词: 游戏课--学前教育--教材
电子资源:
ISBN: 978-7-5657-2289-9
000 01300nam0 2200241 45
001 012001005135
005 20140101130732.0
010    @a978-7-5657-2289-9@dCNY40.00
100    @a20181030d2018 em y0chiy0110 ea
101 0  @achi
102    @aCN@b110000
105    @ay z 000yy
106    @ar
200 1  @a幼儿园游戏教程@9you er yuan you xi jiao cheng@f张惜萍,梅花主编
210    @a北京@c中国传媒大学出版社@d2018
215    @a294页@d26cm
330    @a编写中充分体现游戏课程实践性的特点,首先,每章以幼儿园游戏视频和经典案例导入,在视频的观摩及案例的分析中,引领学生归纳和总结不同类型幼儿游戏的特点及指导的规律、技巧,力求将抽象的理论知识简明化,使其内容贴近实际,融入生活。其次,教材从学生的学习心理、认知特点出发,增加了互动教学设计,充分体现了学生为主体的教育理念,使授课教师从知识传授者真正转变为学生学习过程的组织者、指导者。最后,教材的应用实践部分,不但是对章节内容的巩固和加深,更是渗透了教师资格证考试的内容,从而提升学生作为准幼儿教师的素养。另外,教材中使用较多的图片、照片、表格,形式活泼,以满足广大学生的需求;设有多种形式案例、拓展阅读等环节,力图增强可读性和趣味性。
606 0  @a游戏课@x学前教育@j教材
690    @aG613.7@v5
701  0 @a张惜萍@9zhang xi ping@4主编
701  0 @a梅花@9mei hua@4主编
801  0 @aCN@b江苏凤凰@c20191020
905    @b1207465-8@dG613.7@e1003@f4
    
    幼儿园游戏教程/张惜萍,梅花主编.-北京:中国传媒大学出版社,2018
    294页;26cm
    
    
    ISBN 978-7-5657-2289-9:CNY40.00
    编写中充分体现游戏课程实践性的特点,首先,每章以幼儿园游戏视频和经典案例导入,在视频的观摩及案例的分析中,引领学生归纳和总结不同类型幼儿游戏的特点及指导的规律、技巧,力求将抽象的理论知识简明化,使其内容贴近实际,融入生活。其次,教材从学生的学习心理、认知特点出发,增加了互动教学设计,充分体现了学生为主体的教育理念,使授课教师从知识传授者真正转变为学生学习过程的组织者、指导者。最后,教材的应用实践部分,不但是对章节内容的巩固和加深,更是渗透了教师资格证考试的内容,从而提升学生作为准幼儿教师的素养。另外,教材中使用较多的图片、照片、表格,形式活泼,以满足广大学生的需求;设有多种形式案例、拓展阅读等环节,力图增强可读性和趣味性。
●
相关链接 在E读中查询图书 在五车中查询图书 在当当中查询图书 在豆瓣中查询图书


正题名:幼儿园游戏教程     索取号:G613.7/1003         预约/预借

序号 登录号 条形码 馆藏地/架位号 状态 备注
1 1207465   212074654   第一样本阅览室/ [索取号:G613.7/1003] 在馆    
2 1207466   212074663   教育系资料室/ [索取号:G613.7/1003] 在馆    
3 1207467   212074672   教育系资料室/ [索取号:G613.7/1003] 在馆    
4 1207468   212074681   第四借阅区/ [索取号:G613.7/1003] 在馆    
唐山师范学院图书馆 欢迎您!
大连网信软件有限公司© 版权所有